000 00510nam a2200169Ia 4500
008 090201s9999 xx 000 0 und d
010 _aKPL-30993
040 _bमराठी
041 _aमराठी
082 _a31749
_b30993
100 _aन. चि. केळकर
245 _aतोतयांचे बंड
_cन. चि. केळकर
260 _c2004
_bन.चि.केळकर
300 _a122
_bमोठा
600 _aतोतयांचे बंड
942 _cBOOK
999 _c230148
_d230148